000
00181 a2200097 4500
020
_a
9780545115186
041
_a
eng
100
_a
McCourt, Lisa
245
_a
Stinky face?
942
_c
BK
999
_c
8785
_d
8785